| 000 | 00407nam a22001457a 4500 | ||
|---|---|---|---|
| 020 | _a0946679355 | ||
| 082 |
_a692.80941 _bCOW _cD |
||
| 100 |
_aCowell, Philip _945393 |
||
| 245 |
_aArbitration in building disputes _cCowell, Philip |
||
| 260 |
_aUK _bBritish library cataloging _c1988 |
||
| 300 |
_a120 p. _bill. _c22 cm |
||
| 526 |
_a0 _b0 _c0 _d692_809410000000000_COW |
||
| 650 |
_aD _96527 |
||
| 942 |
_2ddc _cBK |
||
| 999 |
_c548931 _d548931 |
||